书目信息 |
| 题名: |
实验室生物安全
|
|
| 作者: | 李勇 主编 | |
| 分册: | ||
| 出版信息: | 北京 军事医学科学出版社 2009 |
|
| 页数: | 304页 | |
| 开本: | 25cm | |
| 丛书名: | 生物医学实验技术系列丛书 | |
| 单 册: | ||
| 中图分类: | Q-338 | |
| 科图分类: | ||
| 主题词: | 生物学--实验室--安全技术 , 生物学 , 实验室 | |
| 电子资源: | ||
| ISBN: | 978-7-80245-254-1 | |
| 000 | 01049oam2 2200289 45 | |
| 001 | 1130176094 | |
| 005 | 20110309142420.12 | |
| 010 | @a978-7-80245-254-1@dCNY45.00 | |
| 100 | @a20110112d2009 ekmy0chiy0120 ea | |
| 101 | 0 | @achi |
| 102 | @aCN@b110000 | |
| 105 | @aa z 000yy | |
| 106 | @ar | |
| 200 | 1 | @a实验室生物安全@AShi Yan Shi Sheng Wu An Quan@f李勇主编@FLi Yong Zhu Bian |
| 210 | @a北京@c军事医学科学出版社@d2009 | |
| 215 | @a304页@c图@d25cm | |
| 225 | 2 | @a生物医学实验技术系列丛书 |
| 300 | @a国家“十一五”重点图书出版项目 | |
| 330 | @a本书是一部关于实验室安全的权威专著。全面地介绍了实验室生物安全的理论知识,包括实验室生物安全现状及发展趋势、风险分析、病原微生物危害评估、生物实验室分级、个人防护装备、安全操作规程、生物安全实验室管理要求、基因操作生物安全等内容。 | |
| 461 | 0 | @12001 @a生物医学实验技术系列丛书 |
| 606 | 0 | @a生物学@x实验室@x安全技术 |
| 606 | 0 | @a生物学 |
| 606 | 0 | @a实验室 |
| 690 | @aQ-338@v4 | |
| 701 | 0 | @a李勇@ALi Yong@4主编 |
| 801 | 0 | @aCN@bTANGWEI@c20110309 |
| 905 | @b0530150-53@dQ-338@e64@f4 | |
| 实验室生物安全/李勇主编.-北京:军事医学科学出版社,2009 |
| 304页:图;25cm.-(生物医学实验技术系列丛书) |
| 国家“十一五”重点图书出版项目 |
| ISBN 978-7-80245-254-1:CNY45.00 |
| 本书是一部关于实验室安全的权威专著。全面地介绍了实验室生物安全的理论知识,包括实验室生物安全现状及发展趋势、风险分析、病原微生物危害评估、生物实验室分级、个人防护装备、安全操作规程、生物安全实验室管理要求、基因操作生物安全等内容。 |
| ● |
| 相关链接 |
|
|
|
|
正题名:实验室生物安全
索取号:Q-338/64
 
预约/预借
| 序号 | 登录号 | 条形码 | 馆藏地/架位号 | 状态 | 备注 |
| 1 | 0530150 | 205301500 | 第二样本阅览室/ [索取号:Q-338/64] | 在馆 | |
| 2 | 0530151 | 205301519 | 第三借阅区/ [索取号:Q-338/64] | 在馆 | |
| 3 | 0530152 | 205301528 | 第三借阅区/ [索取号:Q-338/64] | 在馆 | |
| 4 | 0530153 | 205301537 | 密集书库-生命科学系/ [索取号:Q-338/64] | 在馆 |